Tính toán sức kéo ô tô máy kéo

Bewaard in:
Bibliografische gegevens
Hoofdauteur: Phạm, Xuân Mai
Formaat: Boek
Taal:Undetermined
Gepubliceerd in: Thành phố Hồ Chí Minh Đại học Quốc Gia Thành phố Hồ Chí Minh 2001
Onderwerpen:
Tags: Voeg label toe
Geen labels, Wees de eerste die dit record labelt!
Thư viện lưu trữ: Trung tâm Học liệu Trường Đại học Cần Thơ
LEADER 00592nam a2200193Ia 4500
001 CTU_64222
008 210402s9999 xx 000 0 und d
020 |b 16500 
082 |a 620.1 
082 |b M103 
100 |a Phạm, Xuân Mai 
245 0 |a Tính toán sức kéo ô tô máy kéo 
245 0 |c Phạm Xuân Mai 
260 |a Thành phố Hồ Chí Minh 
260 |b Đại học Quốc Gia Thành phố Hồ Chí Minh 
260 |c 2001 
650 |a Mechanics,Máy móc 
904 |i Năm 
980 |a Trung tâm Học liệu Trường Đại học Cần Thơ